01305nam a2200337 a 4500001001200000003000800012006001900020007001500039008004100054010001700095020004500112020004700157020002700204040002100231035002100252050002600273082001200299100002000311245009200331260003700423300001400460504005100474533015200525600004600677650002300723650003000746655002900776710001700805856012600822999001900948ebr10476814CaPaEBRm u cr cn|||||||||080711s2008 nyu sb 001 0 eng d z 2008030286 z9780875866420 (trade paper : alk. paper) z9780875866437 (case laminate : alk. paper) z9780875866444 (e-book) aCaPaEBRcCaPaEBR a(OCoLC)27706973314aB3318.P68bP44 2008eb04a1932221 aPeery, Rebekah.10aNietzsche, philosopher of the perilous perhapsh[electronic resource] /cRebekah Peery. aNew York :bAlgora Pub.,cc2008. ax, 186 p. aIncludes bibliographical references and index. aElectronic reproduction.bPalo Alto, Calif. :cebrary,d2011.nAvailable via World Wide Web.nAccess may be limited to ebrary affiliated libraries.10aNietzsche, Friedrich Wilhelm,d1844-1900. 0aPower (Philosophy) 0aChristianityxPhilosophy. 7aElectronic books.2local2 aebrary, Inc.40uhttp://site.ebrary.com/lib/rucke/Doc?id=10476814zAn electronic book accessible through the World Wide Web; click to view c116622d116622